000 00449nam a2200169Ia 4500
999 _c135
_d135
003 OSt
005 20210826112117.0
008 190216s9999||||xx |||||||||||||| ||und||
040 _coclc
082 _a297
_bHII/I
100 _aNull
245 0 _aIslamic Savants And Wahhabis /
260 _bHiiseyin Hilmi Isik Bin Said,
_aIstanbul:
_c1972.
300 _a191p
650 _aArabic
942 _cBK
_2ddc
_h297
_iHII/I
_k297
_mHII/I